00551nam a2200169Ia 4500008004100000020001400041040001800055041000800073100003800081245010400119260005600223300001800279504002700297650002700324650002100351650000900372130821s2005 ck gr spa  a958676307 aCo-BoUCMbspa00aspa1 aCoronel Hernandez, Carlos Antonio13aLa participación ciudadana en el derecho electoral ColombianocCarlos Antonio Coronel Hernández aBogotá (Colombia)bEdiciones Doctrina y Leyc2005 a415 páginas aIncluye bibliografía04aDerecho constitucional04aDerechos civiles04aVoto